• 首页
  • 本馆介绍
  • 公告通知
  • 最新文献
  • 馆藏检索
  • 电子资源
  • 读者导购
  • 参考咨询
  • 我的图书馆
  • 登录
  • 详细信息显示
  • 放入我的书架
  • 预约/预借图书
  • 作者相关作品
  • 分类相关作品
  • 丛书相关作品
  • 出版社相关作品

书目信息

  • 表格格式
  • 工作单格式
  • 卡片格式
题名:
世界名言录
    
 
作者: 李布青 编著
分册:  
出版信息: 北京   北京燕山出版社  1985
页数: 399页
开本: 19cm
丛书名:
单 册:
中图分类: H033
科图分类:
主题词: 成语
电子资源:
ISBN:
000 00599nam0 2200229 45
001 0185000402
005 20050420142250.3
010    @dCNY2.05
091    @a7436.4
100    @a19900921d1985 em y0chiy0121 ea
101 0  @achi
102    @aCN@b110000
105    @ay z 000yy
200 10 @a世界名言录@Ashi jie ming yan lu@f李布青等编著@FLi Bu Qing Deng Bian Zhu
210    @a北京@c北京燕山出版社@d1985
215    @a399页@d19cm
606 0  @a成语
690    @aH033@v3
701  0 @a李布青@4编著
801  0 @aCN@b深圳图书馆@c20040424
801  2 @aCN@bNLC@c20040424
905    @dH033@e15@f1@b153831
    
    世界名言录/李布青等编著.-北京:北京燕山出版社,1985
    399页;19cm
    
    
    ISBN :CNY2.05
    
●
相关链接 在E读中查询图书 在五车中查询图书 在当当中查询图书 在豆瓣中查询图书


正题名:世界名言录     索取号:H033/15         预约/预借

序号 登录号 条形码 馆藏地/架位号 状态 备注
1 0153831   002025800   第四借阅区/ [索取号:H033/15] 在馆    
2 0153832   000820570   第四借阅区/ [索取号:H033/15] 在馆    
3 0153833   000820589   第四借阅区/ [索取号:H033/15] 在馆    
4 0153834   000820598   第四借阅区/ [索取号:H033/15] 在馆    
5 0153835   000820605   第二样本阅览室/ [索取号:H033/15] 在馆    
唐山师范学院图书馆 欢迎您!
大连网信软件有限公司© 版权所有